000
00273nam a2200109Ia 4500
008
190914s9999||||xx |||||||||||||| ||und||
100
_a
Moin-u-ddin Aqeel
245
0
_a
Intikhab-e-Kalam Hasrat Mohani
260
_a
United Kingdom
_b
Oxford
_c
2002
300
_a
112
942
_c
BK
999
_c
9683
_d
9683